1415 1382 1632 1557 1393 1968 1783 1889 1303 1991 1600 1270 1295 1119 1253 1713 1938 1674 1020 1971 1825 1836 1000 1885 1656 1634 1578 1861 1779 1061 1419 1700 1869 1927 1606 1302 1836 1038 1864 1140 1798 1775 1679 1249 1615 1489 1085 1390 1563 1843 1213 1600 1284 1885 1562 1667 1800 1735 1077 1936 1295 1725 1614 1334 1431 1346 1322 1693 1584 1754 1603 1504 1863 1882 1223 1631 1242 1900 1471 1032 1410 1547 1324 1339 1818 1053 1514 1824 1798 1316 1523 1540 1304 1620 1673 1678 1031 1815 1465 BCNSPRNW ULIB Ver.6.0+V

เปลี่ยนเป็นภาษาไทย

Change to English
 แสดงรายละเอียดบรรณานุกรม
  กลับหน้าหลัก

Brief Record : Get Marc (ISO 2709) : E-mail record : QR code < ปิดหน้าต่าง
LEADER : 00000nam 2200000uu 4500
001    13399124422
003     ULIB
008    020711s2550 th a 000 0 tha d
020    9789747503166
099    นว.^bน540อ
100    ninaM&ญาณิน
245    อีกมุมมองของความรู้สึก/^cninaM&ญาณิน
250    พิมพ์ครั้งที่ 2
260    กรุงเทพฯ :^bแจ่มใส,^c2550
300    203 หน้า
710    แจ่มใส
945    ^p159^l0^i14057
รายการนี้ยังไม่มีแท็ก
คุณยังไม่ได้ล็อกอิน คุณสามารถมีกิจกรรมร่วมกับเว็บไซต์ได้ แต่ต้องล็อกอินก่อน ::
  ล็อกอิน

รายการสื่อสารสนเทศ

ลำดับที่ ประเภท เลขเรียก/บาร์โค้ด สถานที่ สถานะ
1. นวนิยาย
นวนิยาย
นว. น540อ ฉ.1 
  Barcode: 14057
ห้องสมุดวิทยาเขตนครสวรรค์
►นวนิยาย:l:Fiction
บนชั้น

BibComment


ยังไม่เคยถูกคอมเมนท์

คอมเมนท์ทรัพยากรรายการนี้
  คอมเมนท์: อีกมุมมองของความร..


 Copyright 2026. Bcnsprnw @Library